000
00285nam a22001217a 4500
008
170608b xxu||||| |||| 00| 0 eng d
041
_a
eng
080
_a
327
100
_a
17
101
_a
SHP
245
_a
THE LOGIC OF IMAGES IN INTERNATIONAL RELATIONS
_c
JERVIS, R
942
_2
udc
_c
BK
999
_c
16533
_d
16533